00560nam a2200169 i 450000100060000000300090000600500170001500700030003200800410003510000380007624500580011426000380017230000220021085200210023299900170025395201200027081652ES-MaACL20230906174500.0t|041105s1933 gw ||||1| eng d1 aHuxley, Aldous,d1894-196396485810aUncle Spencer and other stories / cby Aldous Huxley. aHamburg : bThe Albatros, c1933. a274 p. ; c18 cm. aES-MaACLjA-2136 c81652d81652 00104070aATENEOMbATENEOMcSPP1d2008-01-17eSCl0oA-2136p1085347r2023-02-23 00:00:00w2023-02-23yMONOGRAFIA